000 00542nam a22002057a 4500
003 OSt
005 20140310182829.0
008 130530t xxu||||| |||| 00| 0 eng d
020 _a9789710416035
050 _aBX 2350
_b.Qu8 2009
082 _aFIL 248.4
_bQ4 2009
245 _aSeven days to glory /
_cQuitain, Bobby
260 _aManila :
_bWord of Joy Foundation Inc.,
_c2009.
300 _a52 p. :
_c20 cm.
521 _acollege students
526 _c1210L-1700L
541 _j1
562 _e1
942 _2lcc
_cBK
_kFIL
999 _c16577
_d16577